000 00627nam a22002057a 4500
003 OSt
008 260629b |||||||| |||| 00| 0 eng d
020 _a9789388892872
082 _a300.721
_bG11Q
100 _aG, Letha Devi
245 _aQualitative Research in Social Sciences/ by Letha Devi G, P. Adhiguru, Niketha L.
260 _aNew Delhi:
_bInternational Books & Periodicals Supply Service,
_c2021.
300 _aix, 100 p.
650 _aSocial sciences
650 _aEducation, research, related topics
650 _aResearch methods
700 _aAdhiguru, P.
700 _aL. Niketha
942 _2ddc
_cBK
999 _c52481
_d52481